| 000 | 00609nam a2200193Ia 4500 | ||
|---|---|---|---|
| 005 | 20250326142243.0 | ||
| 008 | 250326s9999 xx 000 0 und d | ||
| 020 | _a981-235-832-3 | ||
| 037 | _aTextbook | ||
| 040 |
_aFMSL _beng _cFMSL |
||
| 041 |
_aeng _2eng |
||
| 084 |
_aX:74.41 N8 _qFMSL |
||
| 100 |
_aHou Wee Chow _9745809 |
||
| 245 | 0 |
_a36 Strategies of the Chinese: adapting ancient Chinese wisdom to the business world _cHou Wee Chow; Luh Lan Luh |
|
| 260 |
_aSingapore _bSingapore, Addison Wesley _c1998 |
||
| 300 | _axx,298 | ||
| 942 |
_cTB _hX:74.41 N8 |
||
| 999 |
_c1294144 _d1294144 |
||